<?xml version="1.0" encoding="UTF-8"?>
<record
    xmlns:xsi="http://www.w3.org/2001/XMLSchema-instance"
    xsi:schemaLocation="http://www.loc.gov/MARC21/slim http://www.loc.gov/standards/marcxml/schema/MARC21slim.xsd"
    xmlns="http://www.loc.gov/MARC21/slim">

  <leader>03520nam a2200505Ii 4500</leader>
  <controlfield tag="001">DIGRBN0046</controlfield>
  <controlfield tag="003">NyNyDIG</controlfield>
  <controlfield tag="008">140701s2013    sp      ob    000 0 spa d</controlfield>
  <controlfield tag="006">m     o  d        </controlfield>
  <controlfield tag="007">cr |||||||||||</controlfield>
  <datafield tag="020" ind1=" " ind2=" ">
    <subfield code="a">9788499406947</subfield>
    <subfield code="q">(eBook)</subfield>
  </datafield>
  <datafield tag="020" ind1=" " ind2=" ">
    <subfield code="z">8499406939</subfield>
  </datafield>
  <datafield tag="020" ind1=" " ind2=" ">
    <subfield code="z">9788499406930</subfield>
  </datafield>
  <datafield tag="043" ind1=" " ind2=" ">
    <subfield code="a">e-sp---</subfield>
  </datafield>
  <datafield tag="041" ind1="1" ind2=" ">
    <subfield code="a">spa</subfield>
    <subfield code="h">fre</subfield>
  </datafield>
  <datafield tag="040" ind1=" " ind2=" ">
    <subfield code="a">DGITA</subfield>
    <subfield code="b">eng</subfield>
    <subfield code="e">rda</subfield>
    <subfield code="e">pn</subfield>
    <subfield code="c">DGITA</subfield>
  </datafield>
  <datafield tag="050" ind1="1" ind2="4">
    <subfield code="a">LA912 eBook</subfield>
  </datafield>
  <datafield tag="100" ind1="1" ind2=" ">
    <subfield code="a">Narganes de Posada, Manuel,</subfield>
    <subfield code="d">1772-approximately 1823,</subfield>
    <subfield code="e">author.</subfield>
  </datafield>
  <datafield tag="245" ind1="1" ind2="0">
    <subfield code="a">Tres cartas sobre los vicios de la instrucci&#xF3;n p&#xFA;blica en Espa&#xF1;a y proyecto de un plan para su reforma :</subfield>
    <subfield code="b">acompa&#xF1;adas del Reglamento para el r&#xE9;gimen y gobierno de los colegios y escuelas de ense&#xF1;anza p&#xFA;blica, establecidas en los antiguos colegios de las Escuelas P&#xED;as de esta corte y las Observaciones sobre el sistema actual de instrucci&#xF3;n p&#xFA;blica de A.L.C. Destutt de Tracy /</subfield>
    <subfield code="c">Manuel J. Narganes de Posada ; edici&#xF3;n y notas de Julio Ruiz Berrio.</subfield>
  </datafield>
  <datafield tag="250" ind1=" " ind2=" ">
    <subfield code="a">Edici&#xF3;n digital.</subfield>
  </datafield>
  <datafield tag="264" ind1=" " ind2="1">
    <subfield code="a">Madrid :</subfield>
    <subfield code="b">Editorial Biblioteca Nueva, S.L.,</subfield>
    <subfield code="c">2013.</subfield>
  </datafield>
  <datafield tag="300" ind1=" " ind2=" ">
    <subfield code="a">1 online resource (171 pages).</subfield>
  </datafield>
  <datafield tag="336" ind1=" " ind2=" ">
    <subfield code="a">text</subfield>
    <subfield code="b">txt</subfield>
    <subfield code="2">rdacontent</subfield>
  </datafield>
  <datafield tag="337" ind1=" " ind2=" ">
    <subfield code="a">computer</subfield>
    <subfield code="b">c</subfield>
    <subfield code="2">rdamedia</subfield>
  </datafield>
  <datafield tag="338" ind1=" " ind2=" ">
    <subfield code="a">online resource</subfield>
    <subfield code="b">cr</subfield>
    <subfield code="2">rdacarrier</subfield>
  </datafield>
  <datafield tag="490" ind1="1" ind2=" ">
    <subfield code="a">Memoria y cr&#xED;tica de la educaci&#xF3;n. Serie Cl&#xE1;sicos de la educaci&#xF3;n ;</subfield>
    <subfield code="v">31</subfield>
  </datafield>
  <datafield tag="500" ind1=" " ind2=" ">
    <subfield code="a">Include: Tres cartas sobre los vicios de la instruccion p&#xFA;blica en Espa&#xF1;a, y proyecto de un plan para su reforma; escrib&#xED;alas &#xE1; un amigo desde Francia en 1807 [por] D. Manuel Josef Narganes de Posada. Madrid en la Imprenta Real, 1809.</subfield>
  </datafield>
  <datafield tag="500" ind1=" " ind2=" ">
    <subfield code="a">Include: "Reglamento para el r&#xE9;gimen y gobierno de los colegios y escuelas de ense&#xF1;anza p&#xFA;blica, establecidos en los antiguos colegios de las Escuelas P&#xED;as de esta Corte, aprobado por  Jos&#xE9; I en el mes de septiembre de 1809 y puesto en pr&#xE1;ctica durante su reinado". Decreto del 6 de septiembre de 1809, que apareci&#xF3; en la Gaceta de Madrid del d&#xED;a 12 del mismo mes, como noticia de Madrid del d&#xED;a 11 de dicho mes.</subfield>
  </datafield>
  <datafield tag="500" ind1=" " ind2=" ">
    <subfield code="a">Include Spanish translation of: Observations sur le syst&#xEA;me actuel d'instruction publique par le cen Destutt-Tracy, membre du S&#xE9;nat-Conservateur, et membre associ&#xE9; de l'Institut nationale. A Paris : Chez la ve Panckoucke, imprimeur-libraire, rue de Grenelle, faubourg Germain, no 321. 1801. Translated for the first time by Ana Armenta-Lamant.</subfield>
  </datafield>
  <datafield tag="504" ind1=" " ind2=" ">
    <subfield code="a">Includes bibliographical references (pages 64-71).</subfield>
  </datafield>
  <datafield tag="588" ind1="0" ind2=" ">
    <subfield code="a">Online resource; title from ePub and PDF title page (Digitalia, viewed July 5, 2014)</subfield>
  </datafield>
  <datafield tag="650" ind1=" " ind2="0">
    <subfield code="a">Public schools</subfield>
    <subfield code="z">Spain.</subfield>
  </datafield>
  <datafield tag="650" ind1=" " ind2="0">
    <subfield code="a">Educational change</subfield>
    <subfield code="z">Spain.</subfield>
  </datafield>
  <datafield tag="655" ind1=" " ind2="0">
    <subfield code="a">Electronic books.</subfield>
  </datafield>
  <datafield tag="700" ind1="1" ind2=" ">
    <subfield code="a">Destutt de Tracy, Antoine Louis Claude,</subfield>
    <subfield code="c">comte,</subfield>
    <subfield code="d">1754-1836.</subfield>
    <subfield code="e">author</subfield>
    <subfield code="t">Observations sur le syst&#xEA;me actuel d'instruction publique</subfield>
    <subfield code="l">Spanish.</subfield>
  </datafield>
  <datafield tag="700" ind1="1" ind2=" ">
    <subfield code="a">Ruiz Berrio, Julio,</subfield>
    <subfield code="e">editor.</subfield>
  </datafield>
  <datafield tag="700" ind1="1" ind2=" ">
    <subfield code="a">Armenta-Lamant, Ana,</subfield>
    <subfield code="e">translaator.</subfield>
  </datafield>
  <datafield tag="791" ind1="2" ind2=" ">
    <subfield code="a">Digitalia (Firm),</subfield>
    <subfield code="e">distributor.</subfield>
  </datafield>
  <datafield tag="793" ind1="0" ind2=" ">
    <subfield code="g">Digitalia eBook Collection:</subfield>
    <subfield code="a">Biblioteca Nueva</subfield>
  </datafield>
  <datafield tag="776" ind1="0" ind2="8">
    <subfield code="i">Print version:</subfield>
    <subfield code="a">Narganes de Posada, Manuel .</subfield>
    <subfield code="t">Tres cartas sobre los vicios de la instrucci&#xF3;n p&#xFA;blica en Espa&#xF1;a y proyecto de un plan para su reforma.</subfield>
    <subfield code="d">Madrid : Biblioteca Nueva, 2013</subfield>
    <subfield code="z">9788499406930</subfield>
    <subfield code="w">(OCoLC)858277625</subfield>
  </datafield>
  <datafield tag="830" ind1=" " ind2="0">
    <subfield code="a">Memoria y cr&#xED;tica de la educaci&#xF3;n.  </subfield>
    <subfield code="p">Serie Cl&#xE1;sicos de la educaci&#xF3;n ;</subfield>
    <subfield code="v">31.</subfield>
  </datafield>
  <datafield tag="856" ind1="4" ind2="0">
    <subfield code="3">Digitalia Hisp&#xE1;nica</subfield>
    <subfield code="u">https://www.digitaliapublishing.com/a/27723/</subfield>
  </datafield>
  <datafield tag="910" ind1=" " ind2=" ">
    <subfield code="a">Premium Collection: 2013</subfield>
  </datafield>
  <datafield tag="942" ind1=" " ind2=" ">
    <subfield code="c">RAA</subfield>
  </datafield>
  <datafield tag="952" ind1=" " ind2=" ">
    <subfield code="0">0</subfield>
    <subfield code="1">0</subfield>
    <subfield code="4">0</subfield>
    <subfield code="7">0</subfield>
    <subfield code="8">DEH</subfield>
    <subfield code="a">BD-UIN</subfield>
    <subfield code="b">BD-UIN</subfield>
    <subfield code="d">2025-04-25</subfield>
    <subfield code="l">0</subfield>
    <subfield code="r">2025-04-25</subfield>
    <subfield code="w">2025-04-25</subfield>
    <subfield code="y">RAA</subfield>
  </datafield>
  <datafield tag="999" ind1=" " ind2=" ">
    <subfield code="c">238842</subfield>
    <subfield code="d">238842</subfield>
  </datafield>
</record>
